00480nam a2200193 a 4500001001300000003000900013005001700022008004100039020001000080082001600090100002100106245002300127260003300150300000900183500003500192505002600227650001200253700002100265nice12345678IN_TiNIC20260116014017.0050524s2003 inda grp 000 0 eng  ac25000a294.6bSIN9 aSingh, Khushwant aHymns of the Gurus aIndia bPenguin Books c2003 a222p aincludes index and biblioraphy2 aIndex, Quranic Verses aSikhism1 aSingh, Khushwant